| 000 | 00920nam a2200325Ia 4500 | ||
|---|---|---|---|
| 008 | 171120s9999 xx 000 0 und d | ||
| 020 | _a9.7897127224e+012 | ||
| 050 | _a499.21 | ||
| 050 | _bK566 1996 | ||
| 100 | _aKintanar, Thelma B. | ||
| 245 | 4 | _aThe University of the Philippines cultural dictionary for Filipinos / | |
| 245 | _cby Thelma B. Kintanar ; foreword and overview by Jose V. Abueva. | ||
| 250 | _aSecond edition | ||
| 260 | _aPhilippines : | ||
| 260 | _bAnvil, | ||
| 260 | _c1996 | ||
| 300 | _a1064 pages : | ||
| 300 | _billustrations ; | ||
| 300 | _c25cm. | ||
| 500 | _aIncludes bibliography and index. | ||
| 650 | _aCulture. | ||
| 650 | _aEducational anthropology -- | ||
| 650 | _aLiteracy -- | ||
| 650 | _aMulticultural education -- | ||
| 650 | _xPhilippines. | ||
| 650 | _xPhilippines. | ||
| 650 | _xPhilippines. | ||
| 700 | _aAbueva, Jose V. | ||
| 700 | _aTitle. | ||
| 999 |
_c345299 _d345299 |
||